000 00477nam a22001577a 4500
003 OSt
005 20150906105130.0
008 150906b xxu||||| |||| 00| 0 eng d
040 _cRUA
082 _aAGR សួន 1989 B001 Or.1
100 _989
_aសួន សេរី
245 _aឥទ្ធិពលបរិមាណពូជទៅលើទិន្នផលសណ្ដែកសៀង
260 _aPhnom Penh
_bRUA
_c1989
300 _a59p.
_bill.
_c29cm.
942 _2ddc
_cAGR
999 _c83
_d83